F1 Grand Prix Circuits (2001-2010) - Statistics

General Stats
  • This quiz has been taken 177 times
  • The average score is 20 of 25
Answer Stats
Laps Raced Answer Years Hosted % Correct
530 Autodromo Nazionale di Monza 2001-2010
93%
591 Silverstone Circuit 2001-2010
93%
777 Circuit de Monaco 2001-2010
92%
344 Circuit de Spa-Francorchamps 2001-20002, 2004-2005, 2007-2010
92%
656 Circuit de Catalunya 2001-2010
91%
714 Hungaroring 2001-2010
88%
424 Suzuka International Racing Course 2001-2006, 2009-2010
88%
372 Autodromo Internazionale Enzo e Dino Ferrari 2001-2006
87%
513 Hockenheimring Baden-Württemberg 2001-2006, 2008, 2010
87%
578 Melbourne Grand Prix Circuit 2001-2010
86%
693 Autódromo José Carlos Pace 2001-2010
84%
486 Nürburgring 2001-2007, 2009
82%
211 A-1 Ring 2001-2003
80%
391 Bahrain International Circuit 2004-2010
80%
110 Yas Marina Circuit 2009-2010
79%
392 Shanghai International Circuit 2004-2010
78%
629 Circuit Gilles Villeneuve 2001-2008, 2010
76%
534 Sepang International Circuit 2001-2010
74%
348 Istanbul Park 2005-2010
71%
183 Marina Bay Street Circuit 2008-2010
71%
511 Indianapolis Motor Speedway 2001-2007
70%
564 Circuit de Nevers Magny-Cours 2001-2008
63%
55 Korea International Circuit 2010
62%
134 Fuji Speedway 2007-2008
60%
171 Valencia Street Circuit 2008-2010
56%
No matching quizzes found
Score Distribution
Percent of People with Each Score
Percentile by Number Answered
Your Score History
You have not taken this quiz